Statistics for North American Countries English To Turkish

Click here to take the quiz!

General Stats

  • This quiz has been taken 185 times
  • The average score is 20 of 23

Answer Stats

EnglishTürkçe% Correct
CanadaKanada
100%
MexicoMeksika
95%
CubaKüba
94%
PanamaPanama
93%
El SalvadorEl Salvador
92%
Costa RicaKosta Rika
92%
BahamasBahamalar
91%
Dominican RepublicDominik Cumhuriyeti
91%
HaitiHaiti
90%
BelizeBelize
89%
GuatemalaGuatemala
89%
HondurasHonduras
89%
JamaicaJamaika
88%
BarbadosBarbados
87%
NicaraguaNikaragua
87%
DominicaDominika
85%
USAABD
84%
GrenadaGrenada
84%
Saint LuciaSaint Lucia
80%
Saint Kitts and NevisSaint Kitts
79%
Saint VincentSaint Vincent
79%
Trinidad and TobagoTrinidad ve Tobago
74%
Antigua and BarbudaAntigua ve Barbuda
72%

Score Distribution

Percentile by Number Answered

Percent of People with Each Score

Your Score History

You have not taken this quiz